000 01031nas a2200289 i 4500
001 000037118
003 DO-SdBNP
005 20260203150422.0
007 ta
008 120216c2005 dr qr1p|dd || |0spa d
040 _aDO-SdBNP
_bspa
_cBNPHU
_erda
041 _hspa
043 _anwdr
110 _aSeguro Nacional de Salud (SENASA)
_980927
245 0 0 _aSeguro Nacional de Salud (SENASA).
246 _aBoletín informativo.
264 _aSanto Domingo, República Dominicana :
_bSeguro Nacional de Salud (Senasa),
_c2005.
300 _avolumen :
_bilustraciones, fotografías ;
_c28 cm.
310 _aTrimestral.
336 _atexto
_btxt
_2rdacontent
337 _asin mediación
_bn
_2rdamedia
338 _avolumen
_bnc
_2rdacarrier
362 1 _aAño 1. no. 3 (octubre-diciembre 2005).
500 _aCatalogación basada en el ejemplar: Año 1. No. 3 (octubre-diciembre 2005).
650 0 _aSeguros de salud
_xBoletín informativo
_vPublicaciones periódicas
_zRepública Dominicana
_917539
942 _2ddc
_cISSUE
999 _c36608
_d36608